[Event "TCh-TUR Super League 2015"]
[Site "Kocaeli TUR"]
[Date "2015.08.14"]
[Round "12.3"]
[Board "3.4"]
[White "Goksel, Doga Cihan"]
[Black "Erkan, Basar"]
[Result "1-0"]
[WhiteElo "2234"]
[BlackElo "1668"]
[WhiteTeam "Tarsus Zeka Satranc Kulubu"]
[BlackTeam "Pamukkale Yonetimi Bilisim Sistemleri Zeka"]
[WhiteFideId "6301924"]
[BlackFideId "6349790"]
[EventDate "2015.08.04"]

1. Nf3 d5 2. d4 Bg4 3. Bf4 Bxf3 4. gxf3 Nf6 5. e3 e6 6. c4 c6 7. Qb3 b6 8. Nc3
Bd6 9. Bg5 Be7 10. Rg1 Nh5 11. f4 Nf6 12. f5 h6 13. Bf4 exf5 14. Bxb8 Rxb8 15.
cxd5 cxd5 16. Bd3 g6 17. O-O-O Rc8 18. Kb1 Ne4 19. Nxd5 Nxf2 20. Bb5+ Kf8 21.
Rc1 Rxc1+ 22. Rxc1 Bd6 23. a3 Kg7 24. Rc2 Ne4 25. Ka2 Qh4 26. Nc7 Qe1 27. Ne8+
Kf8 28. Rc8 Ke7 29. Nxd6 Kxd6 30. Rxh8 Nd2 31. Qb4+ Ke6 32. Re8+ Kf6 33. Qe7+
Kg7 34. Qe5+ 1-0

[Event "TCh-TUR Super League 2015"]
[Site "Kocaeli TUR"]
[Date "2015.08.14"]
[Round "12.3"]
[Board "3.6"]
[White "Komut, Burak"]
[Black "Komut, Kaan"]
[Result "1/2-1/2"]
[WhiteElo "2007"]
[BlackElo "1919"]
[WhiteTeam "Tarsus Zeka Satranc Kulubu"]
[BlackTeam "Pamukkale Yonetimi Bilisim Sistemleri Zeka"]
[WhiteFideId "6309984"]
[BlackFideId "6309992"]
[EventDate "2015.08.04"]

1. d4 d5 2. c4 c6 3. Nc3 Nf6 4. Nf3 e6 5. Bg5 Be7 6. e3 O-O 7. Bd3 Nbd7 8. O-O
dxc4 9. Bxc4 b5 10. Bd3 a6 11. e4 Bb7 12. e5 Nd5 13. Bxe7 Qxe7 14. Ne4 c5 15.
Nfg5 h6 1/2-1/2

[Event "TCh-TUR Super League 2015"]
[Site "Kocaeli TUR"]
[Date "2015.08.14"]
[Round "12.4"]
[Board "4.1"]
[White "Ipatov, Alexander"]
[Black "Annaberdiev, Meilis"]
[Result "1-0"]
[WhiteTitle "GM"]
[BlackTitle "IM"]
[WhiteElo "2621"]
[BlackElo "2417"]
[WhiteTeam "Istanbul Technical University Sports Club"]
[BlackTeam "Akdeniz Belediyesi Sports Club"]
[WhiteFideId "14116731"]
[BlackFideId "14000563"]
[EventDate "2015.08.04"]

1. c4 g6 2. Nc3 Bg7 3. g3 d6 4. Bg2 e5 5. Nf3 Nc6 6. O-O f5 7. Rb1 Nf6 8. d3 a5
9. a3 O-O 10. b4 axb4 11. axb4 h6 12. b5 Ne7 13. Bb2 g5 14. Nd2 g4 15. Ra1 Rb8
16. e3 h5 17. Qa4 f4 18. exf4 exf4 19. Rfe1 h4 20. c5 hxg3 21. hxg3 f3 22. cxd6
cxd6 23. Bf1 Nh5 24. Nd1 Bxb2 25. Qb3+ d5 26. Qxb2 Ng6 27. Rc1 Qd6 28. Qd4 Nxg3
29. Nc4 Qb4 30. Qxd5+ Kh7 31. Nde3 Nxf1 32. Nxf1 Nf4 33. Qe4+ Kg8 34. Ng3 Be6
35. Nh5 Nh3+ 36. Kh2 Bf5 37. Qe5 1-0

[Event "TCh-TUR Super League 2015"]
[Site "Kocaeli TUR"]
[Date "2015.08.14"]
[Round "12.4"]
[Board "4.2"]
[White "Annaberdiyev, Babageldi"]
[Black "Can, Emre"]
[Result "0-1"]
[WhiteTitle "FM"]
[BlackTitle "GM"]
[WhiteElo "2234"]
[BlackElo "2547"]
[WhiteTeam "Akdeniz Belediyesi Sports Club"]
[BlackTeam "Istanbul Technical University Sports Club"]
[WhiteFideId "14000385"]
[BlackFideId "6302181"]
[EventDate "2015.08.04"]

1. Nf3 c5 2. g3 Nc6 3. Bg2 g6 4. O-O Bg7 5. c4 e5 6. Nc3 Nge7 7. Ne1 d6 8. Nc2
O-O 9. Rb1 Be6 10. Ne3 Qd7 11. a3 Bh3 12. d3 Bxg2 13. Kxg2 f5 14. Ned5 Nxd5 15.
Nxd5 Ne7 16. Nxe7+ Qxe7 17. e4 Rf7 18. f3 Raf8 19. b4 h5 20. Rb2 Qe6 21. Rbf2 a6
22. Qe2 f4 23. gxf4 exf4 24. Kh1 Bd4 25. Rg2 Rg7 26. Bb2 g5 27. Bxd4 cxd4 28. e5
Qxe5 29. Qxe5 dxe5 30. Re1 Rf5 31. h3 Kf7 32. Kg1 Ke6 33. Kf2 Rf6 34. Rc1 Rfg6
35. Rcg1 Kf5 36. Rh1 g4 37. hxg4+ hxg4 38. Rh5+ Kf6 39. fxg4 Rxg4 40. Rxg4 Rxg4
41. Rh7 Rg3 42. Ke2 Rg2+ 43. Ke1 Rg7 44. Rh6+ Kg5 45. Rb6 Kg4 46. Kf2 Rh7 47.
Rg6+ Kf5 48. Rb6 Rh2+ 49. Ke1 f3 50. Rxb7 Kf4 51. Re7 Re2+ 52. Kf1 e4 0-1

[Event "TCh-TUR Super League 2015"]
[Site "Kocaeli TUR"]
[Date "2015.08.14"]
[Round "12.4"]
[Board "4.3"]
[White "Bortnyk, Olexandr"]
[Black "Dogan, Nazmi Can"]
[Result "1/2-1/2"]
[WhiteTitle "IM"]
[WhiteElo "2553"]
[BlackElo "2213"]
[WhiteTeam "Istanbul Technical University Sports Club"]
[BlackTeam "Akdeniz Belediyesi Sports Club"]
[WhiteFideId "14120828"]
[BlackFideId "6309658"]
[EventDate "2015.08.04"]

1. e4 e5 2. Nf3 Nc6 3. Bc4 Bc5 4. c3 Nf6 5. b4 Be7 6. d3 O-O 7. O-O d5 8. exd5
Nxd5 9. b5 Na5 10. Bxd5 Qxd5 11. c4 Qd7 12. Bd2 e4 13. Bxa5 exf3 14. Qxf3 a6 15.
a4 axb5 16. axb5 Rd8 17. Nd2 Qxd3 18. Bxc7 Rxa1 19. Rxa1 Qxd2 20. Bxd8 Qxd8 21.
Qd5 Qc7 22. Ra8 Bf8 23. c5 b6 24. c6 g6 25. g3 h5 26. Qe4 Qd8 27. c7 Qd1+ 28.
Kg2 Qd7 29. Qc6 Qh3+ 30. Kg1 Kh7 31. Rxc8 Qxc8 32. Qxb6 Qf5 33. Qd4 Bc5 34. Qf4
Qd7 35. c8=Q Qxc8 36. Qxf7+ Kh6 37. Qf6 Qf8 38. Qxf8+ Bxf8 39. b6 Kg5 40. b7 Bd6
41. h4+ Kf5 42. Kg2 Ke4 43. f3+ Ke3 44. g4 Bb8 45. gxh5 gxh5 46. Kh1 Kxf3 47.
Kg1 Kg3 48. Kh1 Ba7 49. b8=B+ Bxb8 50. Kg1 Ba7+ 51. Kh1 1/2-1/2

[Event "TCh-TUR Super League 2015"]
[Site "Kocaeli TUR"]
[Date "2015.08.14"]
[Round "12.4"]
[Board "4.4"]
[White "Kilic, Ihsan"]
[Black "Erdogan, Hakan"]
[Result "0-1"]
[BlackTitle "FM"]
[WhiteElo "2025"]
[BlackElo "2200"]
[WhiteTeam "Akdeniz Belediyesi Sports Club"]
[BlackTeam "Istanbul Technical University Sports Club"]
[WhiteFideId "6305334"]
[BlackFideId "6300359"]
[EventDate "2015.08.04"]

1. d4 Nf6 2. c4 e6 3. Nc3 c5 4. d5 exd5 5. cxd5 d6 6. e4 g6 7. Nf3 Bg7 8. Be2
O-O 9. O-O Re8 10. Nd2 a6 11. a4 Nbd7 12. f3 b6 13. Nc4 Qc7 14. Bf4 Ne5 15. Bxe5
dxe5 16. Qb3 Rb8 17. Rfd1 Bd7 18. Na3 Qa7 19. Bc4 Red8 20. Qc2 Ne8 21. Qe2 Ra8
22. g4 Nd6 23. Rac1 Nxc4 24. Qxc4 Rab8 25. Ne2 Bh6 26. Ra1 b5 27. axb5 axb5 28.
Qc2 c4+ 29. Kg2 Qc5 30. Qc3 b4 31. Qxc4 Qd6 32. Qc2 bxa3 33. Rxa3 Qb4 34. Ra2
Rdc8 35. Nc3 Be3 36. Rd3 Bd4 37. h4 Bb5 38. Rd2 Be3 39. Rd1 Bc4 40. Ra4 Qxb2 0-1

[Event "TCh-TUR Super League 2015"]
[Site "Kocaeli TUR"]
[Date "2015.08.14"]
[Round "12.4"]
[Board "4.5"]
[White "Asan, Elvan"]
[Black "Yordanova, Svetla"]
[Result "1/2-1/2"]
[BlackTitle "WIM"]
[WhiteElo "1810"]
[BlackElo "2131"]
[WhiteTeam "Istanbul Technical University Sports Club"]
[BlackTeam "Akdeniz Belediyesi Sports Club"]
[WhiteFideId "6312209"]
[BlackFideId "2905108"]
[EventDate "2015.08.04"]

1. e4 g6 2. d4 c6 3. Nf3 d5 4. e5 Nh6 5. Bd3 Bg7 6. h3 O-O 7. O-O Na6 8. c3 Nc7
9. Re1 a5 10. Nbd2 f6 11. Nf1 Nf7 12. N1h2 fxe5 13. dxe5 Ne6 14. Bc2 Qc7 15. Qe2
b6 16. b3 Kh8 17. Ng4 Ba6 18. c4 Rad8 19. Bd2 dxc4 20. bxc4 Nd4 21. Nxd4 Rxd4
22. Bb3 e6 23. Bc3 Rdd8 24. Rad1 c5 25. Ba4 Bb7 26. Nf6 Nh6 27. Rd2 Rxd2 28.
Qxd2 Rd8 29. Qe2 Nf5 30. Ne8 Qe7 31. Nxg7 Kxg7 32. Rd1 Qg5 33. g4 Nh4 34. Rxd8
Nf3+ 35. Kf1 Qxd8 36. Qd1 Qxd1+ 37. Bxd1 Ng5 38. h4 Nf7 39. f4 Nd8 40. Ke2 Kf7
41. Kd3 Bg2 42. Bd2 Nc6 43. a3 Nd4 44. Be3 Bf1+ 45. Kc3 Nc6 46. Bf3 Ne7 47. Bf2
Ke8 48. Bg1 Kd7 49. Bf2 Ng8 50. g5 Bh3 51. Kb3 Bf5 52. Kc3 Ne7 53. Bg1 Bh3 54.
Bf2 Bf1 55. Be4 Be2 56. Bg1 Bd1 57. Bf2 Ba4 58. Bg1 Kc7 59. Bf2 Bd1 60. Bg1 Kb8
61. Bf2 Ka7 62. Bg1 Ka6 63. Bf2 a4 64. Bg1 Bg4 65. Bf2 Bf5 66. Bf3 Ka5 67. Bg1
Bh3 68. Be4 Bg4 69. Bf2 Bd1 70. Bg1 Nc8 71. Bg2 Bg4 72. Bf2 Ne7 73. Be4 Be2 74.
Bg1 Bf1 75. Bf2 Bh3 76. Bg1 Bf5 77. Bf3 Bh3 78. Be4 Bf1 79. Bf2 Be2 80. Bg1 Ka6
81. Bf2 Bd1 82. Bg1 Ka7 83. Bf2 Ka6 84. Bg1 Bb3 85. Bf2 Bd1 86. Bg1 Ka7 87. Bf2
Kb8 88. Bg1 Kc7 89. Bf2 Kd7 90. Bg1 Nc6 91. Bxc6+ Kxc6 92. Be3 Be2 93. Bd2 b5
94. cxb5+ Bxb5 95. Bc1 Kd5 96. Bd2 Ke4 97. Bc1 Be2 98. Bd2 Kf3 99. Bc1 Kg4 100.
Be3 c4 101. Kb4 Kf3 102. Bc1 Ke4 103. Kc3 Bd3 104. Bd2 Kf3 105. Kb4 Ke2 106. Kc3
Kd1 107. Be3 Ke2 108. Bc1 Kf3 109. Kb4 Kg4 110. Kxa4 c3 111. Kb3 c2 112. a4 Kxh4
113. a5 Kg4 114. a6 Bxa6 115. Kxc2 1/2-1/2

[Event "TCh-TUR Super League 2015"]
[Site "Kocaeli TUR"]
[Date "2015.08.14"]
[Round "12.4"]
[Board "4.6"]
[White "Ozer, Omer Faruk"]
[Black "Tarlabasi, Emirhan"]
[Result "1-0"]
[WhiteElo "2067"]
[BlackElo "2004"]
[WhiteTeam "Akdeniz Belediyesi Sports Club"]
[BlackTeam "Istanbul Technical University Sports Club"]
[WhiteFideId "6354564"]
[BlackFideId "6350275"]
[EventDate "2015.08.04"]

1. e4 e6 2. d4 d5 3. Nc3 Nf6 4. Bg5 Be7 5. e5 Nfd7 6. h4 h6 7. Bxe7 Qxe7 8. Qd2
O-O 9. f4 c5 10. Nf3 Nc6 11. O-O-O f6 12. exf6 Qxf6 13. g3 a6 14. Bh3 cxd4 15.
Nxd4 Nb6 16. Qf2 Nxd4 17. Qxd4 Qxd4 18. Rxd4 a5 19. Bg2 Bd7 20. Re1 Kh8 21. b3
Rac8 22. Kb2 a4 23. a3 Rc7 24. Rd2 Re8 25. Re3 axb3 26. cxb3 Nc8 27. Ne2 Nd6 28.
Nd4 Nb5 29. Nf3 Nd6 30. Nd4 Nb5 31. Nxb5 Bxb5 32. a4 Bc6 33. Bh3 Rce7 34. Re5
Kg8 35. Kc3 Kf7 36. Kd4 Bd7 37. Rde2 Kf6 38. g4 Kf7 39. h5 b5 40. a5 b4 41. g5
hxg5 42. fxg5 g6 43. h6 Ra8 44. Rf2+ Kg8 45. Rf6 Kh7 46. Bf1 Rxa5 47. Bd3 Be8
48. Rexe6 Rxe6 49. Rxe6 Ra8 50. Re7+ Kg8 51. Bxg6 Bxg6 52. Rg7+ Kh8 53. Rxg6 Kh7
54. Rg7+ Kh8 55. g6 Ra6 56. Ke5 d4 57. Kf5 Ra5+ 58. Ke4 Ra6 59. Rh7+ Kg8 60. Rd7
Rxg6 61. Rg7+ Rxg7 62. hxg7 Kxg7 63. Kxd4 Kf7 64. Kc4 Ke7 65. Kxb4 Kd6 66. Kb5
Kc7 67. Ka6 Kc8 68. b4 Kb8 69. b5 1-0

[Event "TCh-TUR Super League 2015"]
[Site "Kocaeli TUR"]
[Date "2015.08.14"]
[Round "12.4"]
[Board "4.7"]
[White "Aydincelebi, Kagan"]
[Black "Acar, Utku Cengiz"]
[Result "0-1"]
[WhiteTitle "FM"]
[WhiteElo "1977"]
[BlackElo "1930"]
[WhiteTeam "Istanbul Technical University Sports Club"]
[BlackTeam "Akdeniz Belediyesi Sports Club"]
[WhiteFideId "6361102"]
[BlackFideId "6358900"]
[EventDate "2015.08.04"]

1. e4 Nf6 2. e5 Nd5 3. c4 Nb6 4. d4 d6 5. f4 dxe5 6. fxe5 Bf5 7. Nc3 e6 8. Be3
Nc6 9. Nf3 Bb4 10. Be2 O-O 11. O-O Na5 12. c5 Bxc3 13. bxc3 Nd5 14. Bd2 Nc6 15.
Qe1 Nde7 16. Kh1 Bg6 17. Nh4 Qd5 18. Bg5 Rab8 19. Rf4 b6 20. cxb6 Rxb6 21. Bd1
Qd7 22. Nxg6 Nxg6 23. Rf1 Na5 24. Bc2 Rb2 25. Be4 Qa4 26. h4 h6 27. Bc1 Rxa2 28.
Rxa2 Qxa2 29. h5 Ne7 30. Qg3 Qe2 31. Bd3 Qxh5+ 32. Kg1 Nac6 33. Bc2 g6 34. Rf4
Nf5 35. Qf2 g5 36. Rf3 g4 37. Rxf5 exf5 38. Bxf5 Ne7 39. Be4 Ng6 40. Ba3 Rb8 41.
e6 fxe6 42. Qf6 Nf8 43. Bxf8 Rxf8 44. Bh7+ Kxh7 45. Qxf8 Qf5 46. Qe7+ Kg6 47.
Qxc7 a5 48. Qb8 Kg5 49. g3 Qf7 50. Qd8+ Kf5 51. Qxa5+ Ke4 52. Qe5+ Kd3 53. Qf4
Qxf4 54. gxf4 Ke4 55. Kg2 Kxf4 56. c4 Ke4 57. c5 Kd5 58. Kg3 h5 59. Kf4 Kc6 60.
Kg3 Kd7 61. Kf4 Kc7 62. Kg3 Kc6 63. Kf4 Kd5 64. Kg3 e5 65. dxe5 Kxe5 0-1

[Event "TCh-TUR Super League 2015"]
[Site "Kocaeli TUR"]
[Date "2015.08.14"]
[Round "12.4"]
[Board "4.8"]
[White "Temel, Burcu Melis"]
[Black "Hereklioglu, Sude"]
[Result "1/2-1/2"]
[WhiteTitle "WCM"]
[BlackTitle "WCM"]
[WhiteElo "1878"]
[BlackElo "1796"]
[WhiteTeam "Akdeniz Belediyesi Sports Club"]
[BlackTeam "Istanbul Technical University Sports Club"]
[WhiteFideId "6345492"]
[BlackFideId "6359531"]
[EventDate "2015.08.04"]

1. e4 c5 2. Nf3 e6 3. d4 cxd4 4. Nxd4 Nf6 5. Nc3 Nc6 6. Be2 Bb4 7. O-O Bxc3 8.
bxc3 Nxe4 9. Qd3 f5 10. Ba3 Qa5 11. Nb5 a6 12. Nd6+ Nxd6 13. Bxd6 Kf7 14. Rfd1
Re8 15. Qh3 Kg8 16. Rd3 Qd8 17. Rg3 Qf6 18. Qh5 g6 19. Rd1 Nd8 20. Rd4 Nf7 21.
Bc7 e5 22. Rh4 Qg7 23. Qf3 f4 24. Rgh3 e4 25. Qxf4 g5 26. Qxe4 Rxe4 27. Rxe4 Qf8
28. Rhe3 Qc5 29. Bg3 d5 30. Re8+ Kg7 31. Bh5 d4 32. cxd4 Qxd4 33. R8e7 Qa1+ 34.
Re1 Qxa2 35. Be5+ Kf8 36. Rxf7+ Qxf7 37. Bd6+ Kg8 38. Bxf7+ Kxf7 39. Re7+ Kg6
40. c4 a5 41. Re8 a4 42. f3 Ra6 43. Ba3 Be6 44. c5 Bd5 45. Kf2 Re6 46. Rxe6+
Bxe6 47. Ke3 Bd7 1/2-1/2

[Event "TCh-TUR Super League 2015"]
[Site "Kocaeli TUR"]
[Date "2015.08.14"]
[Round "12.5"]
[Board "5.2"]
[White "Esen, Baris"]
[Black "Salgado Lopez, Ivan"]
[Result "1/2-1/2"]
[WhiteTitle "GM"]
[BlackTitle "GM"]
[WhiteElo "2567"]
[BlackElo "2615"]
[WhiteTeam "Deniz Su Aquamatch Satranc Genclik Ve Sports Club"]
[BlackTeam "Turk Hava Yollari (Thy) Sports Club"]
[WhiteFideId "6302114"]
[BlackFideId "2257327"]
[EventDate "2015.08.04"]

1. d4 Nf6 2. c4 e6 3. Nc3 Bb4 4. e3 b6 5. Bd3 Bb7 6. Nf3 O-O 7. O-O c5 8. Na4
cxd4 9. a3 Be7 10. exd4 d6 11. b4 Nbd7 12. Bb2 Re8 13. Re1 Bf8 14. Bf1 Rc8 15.
Nc3 a6 16. Nd2 1/2-1/2

[Event "TCh-TUR Super League 2015"]
[Site "Kocaeli TUR"]
[Date "2015.08.14"]
[Round "12.5"]
[Board "5.3"]
[White "Dastan, Muhammed Batuhan"]
[Black "Firat, Burak"]
[Result "1-0"]
[WhiteTitle "IM"]
[BlackTitle "IM"]
[WhiteElo "2448"]
[BlackElo "2470"]
[WhiteTeam "Turk Hava Yollari (Thy) Sports Club"]
[BlackTeam "Deniz Su Aquamatch Satranc Genclik Ve Sports Club"]
[WhiteFideId "6300014"]
[BlackFideId "6305881"]
[EventDate "2015.08.04"]

1. e4 e6 2. d4 d5 3. Nc3 Bb4 4. e5 c5 5. a3 Bxc3+ 6. bxc3 Ne7 7. h4 Qa5 8. Bd2
Qa4 9. Nf3 b6 10. h5 Ba6 11. h6 gxh6 12. Bxh6 Bxf1 13. Kxf1 cxd4 14. cxd4 Nf5
15. Bg5 Nd7 16. g4 Ne7 17. Qd2 Rc8 18. Qb4 Qxb4 19. axb4 Nc6 20. b5 Na5 21. Ra2
Rc4 22. Bd2 Ke7 23. Kg2 Rc7 24. Bb4+ Ke8 25. Rha1 Rg8 26. g5 f6 27. Bxa5 bxa5
28. Rxa5 fxe5 29. Rxa7 Rxa7 30. Rxa7 exd4 31. Kh3 Rf8 32. Kg4 Rf7 33. Ra6 Nc5
34. Ra8+ Ke7 35. Ra7+ Ke8 36. b6 Rb7 37. Rxb7 Nxb7 38. Nxd4 Kd7 39. Kh5 Nd6 40.
f4 Nf7 41. Nxe6 Kc6 42. Nf8 1-0

[Event "TCh-TUR Super League 2015"]
[Site "Kocaeli TUR"]
[Date "2015.08.14"]
[Round "12.5"]
[Board "5.4"]
[White "Erdogdu, Mert"]
[Black "Kerigan, Demre"]
[Result "1/2-1/2"]
[WhiteTitle "IM"]
[BlackTitle "IM"]
[WhiteElo "2419"]
[BlackElo "2406"]
[WhiteTeam "Deniz Su Aquamatch Satranc Genclik Ve Sports Club"]
[BlackTeam "Turk Hava Yollari (Thy) Sports Club"]
[WhiteFideId "6301495"]
[BlackFideId "6307841"]
[EventDate "2015.08.04"]

1. e4 d6 2. d4 Nf6 3. Nc3 g6 4. Bg5 Bg7 5. Qd2 h6 6. Bh4 O-O 7. f4 e5 8. dxe5
Nxe4 9. Bxd8 Nxd2 10. Bxc7 Nxf1 11. Kxf1 dxe5 12. fxe5 Nc6 13. Nf3 Bf5 14. Rc1
Rfe8 15. Kf2 Nxe5 16. Bxe5 Bxe5 17. Nxe5 Rxe5 18. Rhe1 Rxe1 19. Kxe1 Kg7 20. Nb5
Be4 21. g3 a6 22. Nd6 Bc6 23. c4 f5 24. Kf2 Rf8 25. b4 f4 26. b5 fxg3+ 27. Kxg3
axb5 28. cxb5 Rf3+ 29. Kg2 Bd5 30. Rc5 Rd3+ 31. Kf2 Kf6 32. Ke2 Rd4 33. Ke3 Rd1
34. Ke2 Rd4 35. Ke3 Rd1 36. Rc7 Ra1 1/2-1/2

[Event "TCh-TUR Super League 2015"]
[Site "Kocaeli TUR"]
[Date "2015.08.14"]
[Round "12.5"]
[Board "5.5"]
[White "Yildiz, Betul Cemre"]
[Black "Dzagnidze, Nana"]
[Result "1/2-1/2"]
[WhiteTitle "WGM"]
[BlackTitle "GM"]
[WhiteElo "2345"]
[BlackElo "2573"]
[WhiteTeam "Turk Hava Yollari (Thy) Sports Club"]
[BlackTeam "Deniz Su Aquamatch Satranc Genclik Ve Sports Club"]
[WhiteFideId "6302920"]
[BlackFideId "13601903"]
[EventDate "2015.08.04"]

1. e4 c5 2. c3 d6 3. d4 Nf6 4. Bd3 g6 5. Ne2 Bg7 6. O-O O-O 7. f3 Nc6 8. Be3
cxd4 9. cxd4 a6 10. Nbc3 b5 11. Rc1 Bb7 12. Qd2 Qa5 13. b3 Rfc8 14. Rfd1 Qd8 15.
d5 Ne5 16. Nd4 Nxd3 17. Qxd3 Nd7 18. Qd2 Rc7 19. Nce2 Rac8 20. Rxc7 Rxc7 21. Rc1
Qc8 22. Rxc7 Qxc7 23. Nc1 Nc5 24. Nde2 e6 25. Nf4 e5 26. Nfe2 Nd7 27. Qc3 Qd8
28. Qb4 Qc7 1/2-1/2

[Event "TCh-TUR Super League 2015"]
[Site "Kocaeli TUR"]
[Date "2015.08.14"]
[Round "12.5"]
[Board "5.6"]
[White "Sanal, Vahap"]
[Black "Baglan, Esat"]
[Result "1-0"]
[WhiteTitle "IM"]
[BlackTitle "FM"]
[WhiteElo "2510"]
[BlackElo "2280"]
[WhiteTeam "Deniz Su Aquamatch Satranc Genclik Ve Sports Club"]
[BlackTeam "Turk Hava Yollari (Thy) Sports Club"]
[WhiteFideId "6300545"]
[BlackFideId "6309216"]
[EventDate "2015.08.04"]

1. Nf3 d5 2. g3 g6 3. Bg2 Bg7 4. O-O e5 5. d3 Nc6 6. Nbd2 Nge7 7. Rb1 a5 8. a3
a4 9. b4 axb3 10. cxb3 d4 11. Qc2 Nd5 12. Bb2 O-O 13. b4 Nc3 14. Rbe1 Re8 15. e4
Na7 16. Ra1 Bd7 17. Bxc3 dxc3 18. Qxc3 Nb5 19. Qb2 Bg4 20. a4 Bxf3 21. Nxf3 Nd4
22. Nxd4 Qxd4 23. Qxd4 exd4 24. b5 Bf8 25. Rfc1 Bd6 26. e5 Rxe5 27. Bxb7 Ra7 28.
Bc6 Bb4 29. Ra2 Bc3 30. Kg2 Kf8 31. Rcc2 Ke7 32. Re2 Rxe2 33. Rxe2+ Kd6 34. Ra2
Bb4 35. Kf3 Bc3 36. Kf4 h6 37. h4 Ke6 38. g4 Kd6 39. g5 h5 40. Ke4 Ra5 41. Bd5
Ke7 42. Ke5 Ra7 43. Bc6 Ra5 44. Kd5 Ra7 45. f3 Kf8 46. f4 Kg7 47. Ke5 Ra5 48.
Ke4 Ra7 49. Bd5 Ra5 50. f5 gxf5+ 51. Kxf5 Be1 52. Re2 Bb4 53. Rc2 Bc3 54. Ke5
Be1 55. Kf5 Bg3 56. Rc6 Bd6 57. Ra6 Rxa6 58. bxa6 Bc5 59. Bf3 1-0

[Event "TCh-TUR Super League 2015"]
[Site "Kocaeli TUR"]
[Date "2015.08.14"]
[Round "12.5"]
[Board "5.8"]
[White "Menzi, Nezihe Ezgi"]
[Black "Dogan, Sevval"]
[Result "1/2-1/2"]
[WhiteTitle "WFM"]
[WhiteElo "1913"]
[BlackElo "1737"]
[WhiteTeam "Deniz Su Aquamatch Satranc Genclik Ve Sports Club"]
[BlackTeam "Turk Hava Yollari (Thy) Sports Club"]
[WhiteFideId "6310060"]
[BlackFideId "6322565"]
[EventDate "2015.08.04"]

1. e4 c5 2. Nf3 Nc6 3. Bb5 g6 4. Bxc6 dxc6 5. d3 Bg7 6. h3 Nf6 7. Be3 b6 8. Nc3
O-O 9. O-O Re8 10. a3 Qc7 11. Qd2 e5 12. b4 cxb4 13. axb4 a6 14. Rfb1 Bb7 15.
Nh2 Nh5 16. Na4 b5 17. Nc5 Nf4 18. Ra3 Ne6 19. Nf3 Nxc5 20. Bxc5 Qd7 21. Qe3 Qe6
22. Nd2 f5 23. Qf3 f4 24. Qg4 Qf7 25. Qe2 Bc8 26. f3 g5 27. Nb3 Be6 28. Na5 Qd7
29. Nb3 h5 30. Bf2 Bf8 31. Bc5 Bg7 32. Bf2 Bf8 33. Bc5 Bg7 1/2-1/2

[Event "TCh-TUR Super League 2015"]
[Site "Kocaeli TUR"]
[Date "2015.08.14"]
[Round "12.6"]
[Board "6.3"]
[White "Soysal, Serkan"]
[Black "Ali Marandi, Cemil Can"]
[Result "1/2-1/2"]
[WhiteTitle "FM"]
[BlackTitle "IM"]
[WhiteElo "2293"]
[BlackElo "2414"]
[WhiteTeam "Kahramanmaras Buyuksehir Belediye Sports Club"]
[BlackTeam "Hatay Buyuksehir Belediyesi Genclik Sports Club"]
[WhiteFideId "6349250"]
[BlackFideId "6300529"]
[EventDate "2015.08.04"]

1. d4 d5 2. c4 c6 3. Nc3 Nf6 4. e3 e6 5. Nf3 Nbd7 6. b3 Bd6 7. Bd3 O-O 8. O-O e5
9. cxd5 cxd5 10. e4 exd4 11. Nxd5 Nxd5 1/2-1/2

[Event "TCh-TUR Super League 2015"]
[Site "Kocaeli TUR"]
[Date "2015.08.14"]
[Round "12.6"]
[Board "6.4"]
[White "Gulbas, Cemil"]
[Black "Isik, Engin Yasar"]
[Result "0-1"]
[WhiteTitle "IM"]
[WhiteElo "2377"]
[BlackElo "2188"]
[WhiteTeam "Hatay Buyuksehir Belediyesi Genclik Sports Club"]
[BlackTeam "Kahramanmaras Buyuksehir Belediye Sports Club"]
[WhiteFideId "201820"]
[BlackFideId "6301886"]
[EventDate "2015.08.04"]

1. e4 e6 2. d4 d5 3. Nc3 Nf6 4. Bg5 dxe4 5. Nxe4 Nbd7 6. Nxf6+ Nxf6 7. Nf3 h6 8.
Bd2 c5 9. dxc5 Bxc5 10. Bd3 Qb6 11. Qe2 Qxb2 12. O-O O-O 13. Rab1 Qxa2 14. Rb3
Qa4 15. Rc3 Bd6 16. Rc4 Qd7 17. Rd1 Nd5 18. Rd4 Qe7 19. c4 Nf6 20. Bxh6 Bc5 21.
Rh4 gxh6 22. Qd2 Ne4 23. Bxe4 f5 24. Qxh6 Qg7 25. Qh5 Bd7 26. Bxb7 Rab8 27. Ba6
Rb2 28. Nd2 Ba4 29. Ne4 Bxd1 30. Qxd1 Qd4 0-1

[Event "TCh-TUR Super League 2015"]
[Site "Kocaeli TUR"]
[Date "2015.08.14"]
[Round "12.6"]
[Board "6.5"]
[White "Isgandarova, Khayala"]
[Black "Altinoz, Fevziye Ece"]
[Result "1-0"]
[WhiteTitle "WIM"]
[WhiteElo "2245"]
[BlackElo "1543"]
[WhiteTeam "Kahramanmaras Buyuksehir Belediye Sports Club"]
[BlackTeam "Hatay Buyuksehir Belediyesi Genclik Sports Club"]
[WhiteFideId "13401823"]
[BlackFideId "6358942"]
[EventDate "2015.08.04"]

1. e4 c5 2. Nf3 d6 3. d4 cxd4 4. Nxd4 Nf6 5. Nc3 g6 6. Be3 Bg7 7. f3 O-O 8. Bc4
Nc6 9. Qd2 Bd7 10. O-O-O Ne5 11. Bb3 Rc8 12. h4 h5 13. Bg5 Rc5 14. Kb1 Re8 15.
g4 hxg4 16. f4 Nc4 17. Qd3 Na5 18. e5 Nh7 19. e6 Nxb3 20. Nxb3 Rxc3 21. exf7+
Kxf7 22. bxc3 Qc7 23. Nd4 Qb6+ 24. Ka1 Rc8 25. h5 Nxg5 1-0